100 Biggest Cities of Honduras on a Map - Statistics

General Stats
  • This quiz has been taken 106 times
  • The average score is 15 of 100
Answers on the Map
Answers color-coded by a green-red scale on the quiz's map according to % correct below.
 
Answer Stats
Population City % Correct
996,658 Tegucigalpa
98%
598,519 San Pedro Sula
80%
176,212 La Ceiba
49%
163,818 Choloma
39%
24,230 Santa Bárbara
39%
92,883 Comayagua
34%
59,676 Puerto Cortés
34%
5,215 San José de Colinas
34%
6,776 Santa Ana
34%
48,485 Santa Rosa de Copán
34%
12,358 Coxen Hole
32%
114,934 El Progreso
32%
6,292 San Francisco de la Paz
32%
62,903 La Lima
29%
24,617 La Paz
29%
5,509 San Antonio de Cortés
29%
62,711 Villanueva
29%
5,857 San Luis
27%
5,660 | 6,836 San Marcos
27%
12,697 Gracias
24%
29,692 San Lorenzo
24%
86,179 Choluteca
22%
14,450 Santa Cruz de Yojoa
22%
60,910 Siguatepeque
22%
21,052 Yoro
22%
64,976 Danlí
20%
56,302 Juticalpa
20%
35,265 Olanchito
20%
16,486 Trujillo
20%
5,779 Arizona
17%
8,043 Copán Ruinas
17%
6,384 Florida
17%
5,135 San Esteban
17%
33,797 Tela
17%
8,124 La Esperanza
15%
6,584 La Libertad
15%
17,024 Nacaome
15%
7,020 Omoa
15%
51,605 Catacamas
12%
24,384 | 5,186 El Paraíso
12%
19,618 Intibucá
12%
5,202 | 5,610 El Porvenir
10%
8,146 El Triunfo
10%
14,398 Puerto Lempira
10%
14,777 Sabá
10%
14,552 Santa Rita
10%
49,377 Tocoa
10%
9,035 Trojes
10%
6,786 Valle de Ángeles
10%
5,687 Ajuterique
7%
38,780 Cofradía
7%
12,206 El Milagro
7%
11,427 El Negrito
7%
6,304 El Pino
7%
9,473 Las Vegas
7%
6,588 Marcovia
7%
7,706 Monjarás
7%
14,902 Morazán
7%
18,097 Potrerillos
7%
8,983 San Juan Pueblo
7%
8,691 San Manuel
7%
13,281 Sonaguera
7%
18,057 Talanga
7%
5,429 Taulabé
7%
5,532 Zambrano
7%
7,788 Azacualpa
5%
10,344 Baracoa
5%
9,081 Bonito Oriental
5%
6,458 Campamento
5%
20,853 Campo Dos Caminos
5%
16,947 Guaimaca
5%
9,248 Jesús de Otoro
5%
21,272 La Entrada
5%
7,765 La Jutosa
5%
5,975 La Masica
5%
8,934 Las Lajas
5%
12,526 Marcala
5%
7,356 Nueva Choluteca
5%
11,843 Nueva Ocotepeque
5%
8,931 Nuevo Chamelecón
5%
11,706 Pimienta
5%
6,270 Quimistán
5%
6,867 Río Lindo
5%
10,637 San Marcos de Colón
5%
5,564 Trinidad
5%
6,282 Villa de San Antonio
5%
8,463 Agua Blanca Sur
2%
6,221 Ciudad España
2%
6,728 Corquín
2%
5,756 Cuyamel
2%
5,247 El Marañón
2%
8,224 Mezapa
2%
6,478 Pinalejo
2%
5,211 San Juan de Flores
2%
6,416 Teupasenti
2%
5,802 Urraco Pueblo
2%
8,099 Villa de San Francisco
2%
No matching quizzes found
Score Distribution
Percent of People with Each Score
Percentile by Number Answered
Your Score History
You have not taken this quiz